[Event "Niedersachsen-ch U14"]
[Site "Norderney"]
[Date "2014.04.14"]
[Round "5"]
[White "Raetzke von Stoyentin, Steffen"]
[Black "Mildner, Ramon"]
[Result "1-0"]
[WhiteElo "1873"]
[BlackElo "1620"]
[PlyCount "97"]
[EventDate "2014.04.??"]
[EventType "swiss"]
[EventRounds "9"]
[EventCountry "GER"]
[SourceTitle "EXT 2017"]
[Source "ChessBase"]
[SourceDate "2016.10.25"]
[SourceVersion "1"]
[SourceVersionDate "2016.10.25"]
[SourceQuality "1"]

1. d4 e6 2. c4 Nf6 3. Nc3 Bb4 4. e3 c5 5. Bd3 d5 6. Nge2 Nc6 7. 0-0 cxd4 8. exd4 dxc4 9. Bxc4 Nd5 10. Nxd5 exd5 11. Bb3 0-0 12. Nf4 Be6 13. Be3 Qd7 14. Qh5 Rfd8 15. Kh1 Ne7 16. Nxe6 Qxe6 17. a3 Bd6 18. Rfe1 Qg6 19. Qxg6 hxg6 20. Bg5 f6 21. Bd2 Kf7 22. Re2 Rh8 23. g3 g5 24. Rae1 Rh3 25. Bb4 Nf5 26. Bxd5+ Kg6 27. Be4 Rah8 28. Bxd6 Rxh2+ 29. Kg1 g4 30. f4 Rh1+ 31. Bxh1 Nxg3 32. Rh2 Rxh2 33. Kxh2 Nf5 34. Be4 g3+ 35. Kh3 b5 36. Rg1 b4 37. axb4 a5 38. Rxg3+ Kf7 39. Bxf5 a4 40. d5 g5 41. fxg5 a3 42. Be6+ Kg6 43. gxf6+ Kxf6 44. Rf3+ Kg6 45. bxa3 Kh6 46. Rg3 Kh7 47. Bg8+ Kh6 48. Bf8+ Kh5 49. Bf7# 1-0

[Event "Niedersachsen-ch U14"]
[Site "Norderney"]
[Date "2014.04.12"]
[Round "1"]
[White "Mildner, Ramon"]
[Black "Ngo, Minh Duc"]
[Result "0-1"]
[WhiteElo "1620"]
[BlackElo "1985"]
[PlyCount "66"]
[EventDate "2014.04.??"]
[EventType "swiss"]
[EventRounds "9"]
[EventCountry "GER"]
[SourceTitle "EXT 2017"]
[Source "ChessBase"]
[SourceDate "2016.10.25"]
[SourceVersion "1"]
[SourceVersionDate "2016.10.25"]
[SourceQuality "1"]

1. e4 c5 2. Nf3 Nc6 3. d4 cxd4 4. Nxd4 g6 5. Nc3 Bg7 6. Be3 Nf6 7. Bc4 0-0 8. Bb3 d6 9. Qd2 Ng4 10. Nxc6 bxc6 11. Bd4 Bh6 12. Be3 Nxe3 13. fxe3 Qb6 14. Nd1 Bg4 15. Kf2 d5 16. exd5 cxd5 17. h3 Qf6+ 18. Kg1 Bf5 19. c3 Rad8 20. Qd4 e5 21. Qxa7 Ra8 22. Qc5 Rfc8 23. Qb5 Rcb8 24. Qxd5 Be6 25. Qc6 Rc8 26. Qb6 Rab8 27. Qa6 Ra8 28. Qb6 Rab8 29. Qa6 Rd8 30. Bxe6 Rxd1+ 31. Rxd1 Bxe3+ 32. Kh2 Qf4+ 33. g3 Qf2# 0-1

[Event "Niedersachsen-ch U14"]
[Site "Rotenburg"]
[Date "2013.03.27"]
[Round "6"]
[White "Raetzke von Stoyentin, Steffen"]
[Black "Mildner, Ramon"]
[Result "1/2-1/2"]
[WhiteElo "1789"]
[BlackElo "1594"]
[PlyCount "62"]
[EventDate "2013.03.23"]
[EventType "swiss"]
[EventRounds "9"]
[EventCountry "GER"]
[SourceTitle "EXT 2015"]
[Source "ChessBase"]
[SourceDate "2014.11.20"]
[SourceVersion "1"]
[SourceVersionDate "2014.11.20"]
[SourceQuality "1"]

1. d4 e6 2. c4 Nf6 3. Nc3 Bb4 4. Nf3 c5 5. e3 Nc6 6. Bd3 d5 7. 0-0 0-0 8. cxd5 exd5 9. dxc5 Bxc3 10. bxc3 Bg4 11. Qb3 Bxf3 12. gxf3 Qc7 13. Ba3 Ne5 14. Be2 Rfc8 15. Rab1 b6 16. cxb6 axb6 17. Bb4 Nc4 18. Rfd1 Qa7 19. Ra1 Qa4 20. Be7 Qxb3 21. axb3 Rxa1 22. Rxa1 Na5 23. Bxf6 gxf6 24. b4 Nb3 25. Ra6 Rxc3 26. Rxb6 d4 27. exd4 Nxd4 28. Ba6 Nxf3+ 29. Kg2 Nh4+ 30. Kf1 Rc1+ 31. Ke2 Rc2+ 1/2-1/2

[Event "Niedersachsen-ch op-A"]
[Site "Verden"]
[Date "2013.01.06"]
[Round "7"]
[White "Mildner, Ramon"]
[Black "Nordhorn, Horst"]
[Result "1-0"]
[WhiteElo "1630"]
[BlackElo "1759"]
[PlyCount "87"]
[EventDate "2013.01.03"]
[EventType "swiss"]
[EventRounds "7"]
[EventCountry "GER"]
[SourceTitle "EXT 2014"]
[Source "ChessBase"]
[SourceDate "2013.11.20"]
[SourceVersion "1"]
[SourceVersionDate "2013.11.20"]
[SourceQuality "1"]

1. e4 e5 2. Nf3 f5 3. Nc3 d6 4. Bc4 Be7 5. d3 Nc6 6. Bxg8 Rxg8 7. Bd2 f4 8. Qe2 Bg4 9. Qf1 Qd7 10. h3 Bxf3 11. gxf3 0-0-0 12. 0-0-0 Nd4 13. Qg2 c6 14. Rde1 Qe6 15. Qg4 Kb8 16. Qxe6 Nxe6 17. Ne2 Bh4 18. Ref1 Ng5 19. Ng1 Rdf8 20. Rh2 Rf6 21. Rg2 Rh6 22. d4 Ne6 23. dxe5 dxe5 24. Bc3 Bf6 25. Rd1 Kc7 26. Rh2 Rh4 27. Bb4 Rd8 28. Rxd8 Kxd8 29. Rg2 h5 30. a3 Ke8 31. Bc3 Kf7 32. Kd2 c5 33. b4 c4 34. b5 Nd4 35. Bxd4 exd4 36. a4 Ke6 37. Ne2 Rxh3 38. Nxf4+ Kd6 39. Nxh3 Kc5 40. f4 Kb4 41. e5 Bd8 42. Rxg7 Kxa4 43. Rxb7 Ba5+ 44. Kd1 1-0

[Event "Niedersachsen-ch U12"]
[Site "Rotenburg"]
[Date "2012.04.05"]
[Round "10"]
[White "Kiesel, Lucas"]
[Black "Mildner, Ramon"]
[Result "0-1"]
[WhiteElo "1185"]
[BlackElo "1630"]
[PlyCount "95"]
[EventDate "2012.03.31"]
[EventType "swiss"]
[EventRounds "11"]
[EventCountry "GER"]
[SourceTitle "EXT 2015"]
[Source "ChessBase"]
[SourceDate "2014.11.20"]
[SourceVersion "1"]
[SourceVersionDate "2014.11.20"]
[SourceQuality "1"]

1. Nf3 d5 2. g3 c5 3. Bg2 Bg4 4. 0-0 e6 5. d3 Nc6 6. Nbd2 Nf6 7. e4 dxe4 8. dxe4 e5 9. Qe2 Nd4 10. Qd3 Nxf3+ 11. Nxf3 Qxd3 12. cxd3 Bxf3 13. Bxf3 Rd8 14. Rd1 Be7 15. Bg5 0-0 16. Rab1 h6 17. Bxf6 gxf6 18. Rbc1 Rd4 19. Rc4 Rfd8 20. Rxd4 Rxd4 21. Kf1 Kf8 22. Ke2 b5 23. b3 a5 24. Rc1 Kg7 25. Bh5 a4 26. bxa4 Rxa4 27. Rc2 Ra3 28. h4 b4 29. Rb2 Rc3 30. Rd2 Bd8 31. Kd1 Ba5 32. Ke2 Ra3 33. Rb2 Kf8 34. Bg4 Ke7 35. Bh5 Ke6 36. Bg4+ Ke7 37. Bh5 Rc3 38. Rd2 c4 39. dxc4 Rxc4 40. Ke3 b3 41. Rd5 b2 42. Rxa5 b1Q 43. Ra7+ Kd8 44. Rxf7 Qxe4+ 45. Kd2 Rc2+ 46. Kd1 Qd3+ 47. Ke1 Rc1+ 48. Bd1 0-1

[Event "Niedersachsen-ch U12"]
[Site "Rotenburg"]
[Date "2012.04.04"]
[Round "8"]
[White "Reuker, Jari"]
[Black "Mildner, Ramon"]
[Result "1-0"]
[WhiteElo "1771"]
[BlackElo "1630"]
[PlyCount "29"]
[EventDate "2012.03.31"]
[EventType "swiss"]
[EventRounds "11"]
[EventCountry "GER"]
[SourceTitle "EXT 2015"]
[Source "ChessBase"]
[SourceDate "2014.11.20"]
[SourceVersion "1"]
[SourceVersionDate "2014.11.20"]
[SourceQuality "1"]

1. e4 e6 2. d4 d5 3. Nc3 Bb4 4. e5 c5 5. a3 Bxc3+ 6. bxc3 Qa5 7. Bd2 Qa4 8. Qg4 g6 9. h4 Qxc2 10. Rc1 Qf5 11. Qg3 Nc6 12. Bd3 Qh5 13. Bg5 Nge7 14. Be2 Nf5 15. Qh2 1-0

[Event "Niedersachsen-ch U12"]
[Site "Rotenburg"]
[Date "2012.04.03"]
[Round "5"]
[White "Mildner, Ramon"]
[Black "Hoppe, Andreas"]
[Result "1/2-1/2"]
[WhiteElo "1630"]
[BlackElo "1743"]
[PlyCount "112"]
[EventDate "2012.03.31"]
[EventType "swiss"]
[EventRounds "11"]
[EventCountry "GER"]
[SourceTitle "EXT 2015"]
[Source "ChessBase"]
[SourceDate "2014.11.20"]
[SourceVersion "1"]
[SourceVersionDate "2014.11.20"]
[SourceQuality "1"]

1. e4 c5 2. c3 e6 3. d4 cxd4 4. cxd4 d5 5. e5 Qb6 6. Nc3 Bd7 7. Nf3 Bb4 8. Bd3 Bb5 9. 0-0 Bxd3 10. Qxd3 Ne7 11. a3 Bxc3 12. bxc3 Nbc6 13. Rb1 Qc7 14. Be3 Rb8 15. a4 b6 16. Rfc1 Na5 17. Qb5+ Qc6 18. Nd2 Qxb5 19. axb5 Nf5 20. c4 Nxe3 21. fxe3 dxc4 22. Nxc4 Nxc4 23. Rxc4 Kd7 24. Ra1 Ra8 25. Rca4 a5 26. bxa6 Rhc8 27. Rb4 Rc6 28. Kf2 Kc7 29. Kf3 Rc3 30. Raa4 Kc6 31. Rc4+ Rxc4 32. Rxc4+ Kd7 33. Ra4 b5 34. Ra5 Kc6 35. a7 Kb6 36. Ra1 Rxa7 37. Rxa7 Kxa7 38. Ke4 Kb7 39. Kd3 Kc6 40. e4 f6 41. exf6 gxf6 42. g4 Kb6 43. Kc3 Ka5 44. Kb3 b4 45. h4 Kb5 46. g5 fxg5 47. hxg5 Ka5 48. d5 exd5 49. exd5 Kb5 50. d6 Kc6 51. d7 Kxd7 52. Kxb4 Ke6 53. Kc4 Kf5 54. Kd3 Kxg5 55. Ke3 Kh4 56. Kf2 Kh3 1/2-1/2

[Event "Niedersachsen-ch op-B"]
[Site "Verden"]
[Date "2012.01.03"]
[Round "4"]
[White "Hentrop, Malte"]
[Black "Mildner, Ramon"]
[Result "1-0"]
[WhiteElo "1862"]
[BlackElo "1308"]
[PlyCount "51"]
[EventDate "2012.01.02"]
[EventType "swiss"]
[EventRounds "7"]
[EventCountry "GER"]
[SourceTitle "EXT 2021"]
[Source "ChessBase"]
[SourceDate "2020.10.23"]
[SourceVersion "1"]
[SourceVersionDate "2020.10.23"]
[SourceQuality "1"]

1. d4 Nf6 2. c4 d5 3. Nf3 Bf5 4. Nc3 e6 5. Qb3 b6 6. Bg5 Be7 7. Bxf6 Bxf6 8. cxd5 exd5 9. Qxd5 Qxd5 10. Nxd5 Bd8 11. Rc1 Na6 12. e3 Be4 13. Bxa6 Bxd5 14. Bb5+ Kf8 15. Bc6 Bxc6 16. Rxc6 h6 17. Ke2 Rc8 18. Rhc1 f6 19. d5 Ke8 20. Nd4 Rf8 21. d6 Kd7 22. Nb5 g5 23. Nxa7 Ra8 24. dxc7 Bxc7 25. Rxc7+ Ke6 26. a3 1-0

[Event "GER-ch U10"]
[Site "Oberhof"]
[Date "2010.05.23"]
[Round "1"]
[White "Lagunow, Raphael"]
[Black "Mildner, Ramon"]
[Result "1-0"]
[WhiteElo "1683"]
[BlackElo "1200"]
[PlyCount "51"]
[EventDate "2010.05.22"]
[EventType "swiss"]
[EventRounds "11"]
[EventCountry "GER"]
[SourceTitle "CBM 136 Extra"]
[Source "ChessBase"]
[SourceDate "2010.07.02"]
[SourceVersion "2"]
[SourceVersionDate "2010.07.15"]
[SourceQuality "1"]

1. e4 c5 2. c3 Nf6 3. e5 Nd5 4. d4 cxd4 5. cxd4 Nc6 6. Bc4 e6 7. Nf3 d6 8. 0-0 Be7 9. Nbd2 0-0 10. Ne4 Nb6 11. Bb3 d5 12. Ng3 Bd7 13. Bc2 Re8 14. a3 Bf8 15. Bxh7+ Kxh7 16. Ng5+ Kg8 17. Qh5 Qxg5 18. Bxg5 Nxd4 19. Qh4 Nb3 20. Rad1 Bb5 21. Rfe1 Nc4 22. Nh5 Nxb2 23. Nf6+ gxf6 24. Bxf6 Bg7 25. Qg4 Bc4 26. Qxg7# 1-0